| 000 | 01075cam a22003255a 4500 | ||
|---|---|---|---|
| 001 | 016748784 | ||
| 003 | OSt | ||
| 005 | 20201128021318.0 | ||
| 008 | 140715t2015 enka frbd 001 0 eng d | ||
| 020 | _a9781292056555 | ||
| 020 | _a129205655X | ||
| 040 |
_aStDuBDS _beng _cStDuBDS _dUk _dEG-ScBUE |
||
| 082 | 0 | 4 |
_a658.3 _bROB _222 |
| 100 | 1 |
_aRobbins, Stephen P., _d1943- _98040 |
|
| 245 | 1 | 0 |
_aOrganizational behavior / _cStephen P. Robbins, Timothy A. Judge. |
| 250 | _a16th ed., Global ed. | ||
| 260 |
_aHarlow : _bPearson Education Limited, _cc.2015. |
||
| 300 |
_a741 p. : _bill. (col.) ; _c28 cm. |
||
| 500 | _aIncludes indexes. | ||
| 500 | _aIncludes student access code inside my management lab. | ||
| 500 | _aGlossary : p. 620-628. | ||
| 504 | _aBibliography : p. 629-697. | ||
| 650 | 7 |
_aOrganizational behavior. _2BUEsh _94617 |
|
| 650 | 7 |
_aPersonnel management. _2BUEsh _9994 |
|
| 651 | _2BUEsh | ||
| 653 |
_bBUSADM _cAugust2015 _cOctober2015 _cOctober2016 |
||
| 655 |
_vText book _933728 |
||
| 700 | 1 | _aJudge, Timothy A. | |
| 942 |
_2ddc _k658.3 ROB |
||
| 999 |
_c19762 _d19734 |
||